LEGO Marvel Super Heroes: X-Men Minifigures by Picture - Statistics

General Stats
  • This quiz has been taken 141 times
  • The average score is 15 of 18
Answer Stats
Picture Answer % Correct
Beast/Hank McCoy
99%
Deadpool/Wade Wilson
98%
Cyclops/Scott Summers
97%
Magneto/Max Eisenhardt
90%
Scarlet Witch/Wanda Maximoff
88%
Spider-Man/Peter Parker
88%
Storm/Ororo Munroe
88%
Professor X/Charles Xavier
87%
Quicksilver/Pietro Maximoff
87%
Gambit/Remy LeBeau
85%
Wolverine/James Howlett
85%
Marvel Girl/Jean Grey
84%
Ms. Marvel/Kamala Khan
84%
Iceman/Bobby Drake
82%
Rogue/Anna Marie LeBeau
77%
Sub-Mariner/Namor McKenzie
77%
Bishop/Lucas Bishop
74%
Firestar/Angelica Jones
52%
No matching quizzes found
Score Distribution
Percent of People with Each Score
Percentile by Number Answered
Your Score History
You have not taken this quiz